General systems research and design : precursors and futures : proceedings of the twenty-fifth annual North American meeting of the Society for General Systems Research with the American Association for the Advancement of Science, Toronto, Canada, January 6-9, 1981 /

Պահպանված է:
Մատենագիտական մանրամասներ
Համատեղ հեղինակներ: Society for General Systems Research. North American Meeting, American Association for the Advancement of Science
Այլ հեղինակներ: Reckmeyer, William John
Ձևաչափ: Գիրք
Լեզու:English
Հրապարակվել է: Louisville, Ky. : Society for General Systems Research, 1981.
Խորագրեր:
LEADER 01336cam a2200265 a 4500
001 c000312105
003 CARM
005 00000000000000.0
008 020516s1981 kyua b 100 0 eng d
019 1 |a 23693536  |5 LACONCORD2021 
035 |a (OCoLC)7706668  |5 LACONCORD2021 
040 |a VDU  |b eng  |c VDU 
082 0 4 |a 003  |2 21 
110 2 |a Society for General Systems Research.  |b North American Meeting  |n (25th :  |d 1981 :  |c Toronto, Ont.) 
245 1 0 |a General systems research and design :  |b precursors and futures : proceedings of the twenty-fifth annual North American meeting of the Society for General Systems Research with the American Association for the Advancement of Science, Toronto, Canada, January 6-9, 1981 /  |c editor, William J. Reckmeyer. 
260 |a Louisville, Ky. :  |b Society for General Systems Research,  |c 1981. 
300 |a viii, 623 p. :  |b ill. ;  |c 28 cm. 
504 |a Includes bibliographies. 
650 0 |a System theory  |v Congresses. 
650 0 |a System design  |v Congresses. 
700 1 |a Reckmeyer, William John. 
710 2 |a American Association for the Advancement of Science. 
852 8 |b CARM  |h A3:AF21F0  |i F07611  |p 0474809  |f BK 
999 f f |i 4dc2f1cc-4d64-515c-a9a5-760913a2bb91  |s 15061d85-b6e6-545a-851c-6bddfd0cfbcc 
952 f f |p Can circulate  |a CAVAL  |b CAVAL  |c CAVAL  |d CARM 1 Store  |e F07611  |f A3:AF21F0  |h Other scheme  |i book  |m 0474809